000 00341nam a2200133Ia 4500
005 20260328101441.0
008 260328s9999||||xx |||||||||||||| ||und||
100 _aAltoon, Ronald
245 0 _aDesigning the World's best retail centers /
_cRonald Altoon
260 _bImages
300 _a191 p.
650 _aARQUITECTURA CIVIL
942 _cBK
999 _c8284
_d8284